History Quiz

Random History or Clickable Quiz
Score 0/18 Timer 06:00
4 Plays Today
% Correct
Vice President
98.5%
Speaker of the House of Representatives
82.8%
Secretary of State
71.8%
President pro tempore of the Senate
71.2%
Secretary of Defense
47.4%
Attorney General
46.5%
Secretary of the Treasury
37.9%
Secretary of the Interior
30.3%
Secretary of Homeland Security
26.3%
% Correct
Secretary of Commerce
25.7%
Secretary of Agriculture
23.3%
Secretary of Labor
20.6%
Secretary of Veterans Affairs
18.8%
Secretary of Education
17.1%
Secretary of Health and Human Services
15.2%
Secretary of Energy
14.8%
Secretary of Housing and Urban Development
14.4%
Secretary of Transportation
13.9%

You're not logged in!

Compare scores with friends on all Sporcle quizzes.
OR
Log In

Sporcle TV

Today on Sporcle TV


Watch our educational content, quiz creation guides, and fun videos on Sporcle TV.

Show Comments

Extras

Top Quizzes Today


Score Distribution

Paid Content

Your Account Isn't Verified!

In order to create a playlist on Sporcle, you need to verify the email address you used during registration. Go to your Sporcle Settings to finish the process.

Report this User

Report this user for behavior that violates our Community Guidelines.

Details: